000 00638nam a2200193Ia 4500
008 140626s9999 xx 000 0 und d
100 _aCramm, J.M..
245 _aPsychological well-being of caregivers of children with intellectual disabilities :
_b using parental stress as a mediating factor /
_cJM Cramm ... [et al.].
260 _cc2011.
300 _a15 : 2, page 101
440 _aJournal of Intellectual Disabilities
521 _aSPED
650 _aCaregiver.
650 _aIntellectual disabilities.
650 _aMediation model.
650 _aParental stress.
650 _aPsychological well-being.
942 _cSE
999 _c120965
_d120965